La riforma del sistema sanitario svedese e il modello di offerta dei servizi della citta di Stoccolma : (Registro nro. 66803)

Detalles MARC
000 -CABECERA
campo de control de longitud fija 00778nab a2200241 a 4500
001 - NÚMERO DE CONTROL
campo de control 66803
003 - IDENTIFICADOR DEL NÚMERO DE CONTROL
campo de control 139696
005 - FECHA Y HORA DE LA ÚLTIMA TRANSACCIÓN
campo de control 20201118110345.0
008 - DATOS DE LONGITUD FIJA--INFORMACIÓN GENERAL
campo de control de longitud fija ||||||n9999 ||| || ||
041 ## - CÓDIGO DE LENGUA
Código de lengua del texto/banda sonora o título independiente ita
100 ## - ENTRADA PRINCIPAL--NOMBRE DE PERSONA
Nombre de persona Fattore, Giovanni
245 #0 - MENCIÓN DE TÍTULO
Título La riforma del sistema sanitario svedese e il modello di offerta dei servizi della citta di Stoccolma :
Resto del título pp.229-287
260 ## - PUBLICACIÓN, DISTRIBUCIÓN, ETC.
Lugar de publicación, distribución, etc. Italia :
Nombre del editor, distribuidor, etc. EdizioniGiuriche Economiche Aziendalidell'Universita Bocconi e Giuffre Editori,
Fecha de publicación, distribución, etc. 1996.
300 ## - DESCRIPCIÓN FÍSICA
Extensión pp.229-287
562 ## - NOTA DE IDENTIFICACIÓN DE LA COPIA Y VERSIÓN
Número de copias 0
650 ## - PUNTO DE ACCESO ADICIONAL DE MATERIA--TÉRMINO DE MATERIA
Término de materia o nombre geográfico como elemento de entrada ESTUDIO COMPARADO
650 ## - PUNTO DE ACCESO ADICIONAL DE MATERIA--TÉRMINO DE MATERIA
Término de materia o nombre geográfico como elemento de entrada FINANCIAMIENTO
650 ## - PUNTO DE ACCESO ADICIONAL DE MATERIA--TÉRMINO DE MATERIA
Término de materia o nombre geográfico como elemento de entrada REFORMAS ADMINISTRATIVAS
650 ## - PUNTO DE ACCESO ADICIONAL DE MATERIA--TÉRMINO DE MATERIA
Término de materia o nombre geográfico como elemento de entrada SISTEMA DE SALUD
650 ## - PUNTO DE ACCESO ADICIONAL DE MATERIA--TÉRMINO DE MATERIA
Término de materia o nombre geográfico como elemento de entrada SUECIA
773 ## - ENLACE AL DOCUMENTO FUENTE/ENTRADA DE REGISTRO ANFITRIÓN
Número bibliográfico anfitrión 60022
Encabezamiento principal Strategie e gestione deile reti di aziende sanitarie
942 ## - ELEMENTOS DE PUNTO DE ACCESO ADICIONAL (KOHA)
Tipo de ítem Koha Analítica Documento

No hay ítems disponibles.